000 00344nam a22001457a 4500
008 230512b ||||| |||| 00| 0 eng d
020 _a9781285896786
041 _aeng
080 _212 EDITION
_a330
082 _a330SWE
100 _a23
101 _aBIZNES
245 _aSTATISTICS FOR BUSINESS AND ECONOMICS
_cSWEENEY A
942 _2udc
_cBK
999 _c59688
_d59688